| 000 | 00804cam a22002653a 4500 | ||
|---|---|---|---|
| 001 | 354 | ||
| 003 | PGUSA | ||
| 005 | 20140828082947.0 | ||
| 008 | 951101s1995||||xxu|||||s|||||000 | eng d | ||
| 040 |
_aPGUSA _beng |
||
| 042 | _adc | ||
| 050 | 4 | _aJK | |
| 100 | 1 |
_aShaw, Anna Howard, _d1847-1919 |
|
| 245 | 1 | 4 |
_aThe Story of a Pioneer _h[electronic resource] / _cAnna Howard Shaw |
| 260 |
_bProject Gutenberg, _c1995 |
||
| 506 | _aPublic domain in the USA. | ||
| 516 | _aElectronic text | ||
| 653 | _aShaw, Anna Howard, 1847-1919 | ||
| 653 | _aWomen's rights -- United States | ||
| 653 | _aWomen social reformers -- United States -- Biography | ||
| 653 | _aWomen -- Suffrage -- United States | ||
| 830 | 0 |
_aProject Gutenberg _v354 |
|
| 856 | 4 | 0 | _uhttp://www.gutenberg.org/ebooks/354 |
| 942 | _cEB | ||
| 999 |
_c229705 _d229705 |
||